000 01359nam a2200241Ia 4500
003 Ost
005 20260507075605.0
008 260507s9999||||xx |||||||||||||| ||und||
020 _a9789777333405
040 _cfsecg
041 _aara
082 _a1.6
100 _aالبقاسي، منال
_eمؤلف
245 0 _aالبيتكوين والعملات الرقمية ومتطلبات الإقتصاد الرقمي :
_bتكنولوجيا المعلومات الرقمية - العملات الرقمية التشفيرية - تقنية انترنت الأشياء IOT - تقنية Block chain والنظم الرقمية - الفوركس والتداول الرقمي /
_c منال البقاسي
260 _aالإسكندرية:
_bدار التعليم الجامعي,
_c2020
300 _a182 صفحة؛
_bإيضاحات ؛
_c24 سم
504 _aالبيبليوغرافيا ص.173
520 _aتناول هذا الكتاب موضوع تكنولوجيا المعلومات الرقمية والعملات الرقمية التشفيرية، بالاضافة الى انترنت الأشياء IOT وبلوكشين Block chain والفوركس والتداول الرقمي.
653 _aالنظم الرقمية
653 _aأنترنت الأشياء IOT
653 _aتكنولوجيا المعلومات
942 _cكتاب
999 _c45037
_d45037